All Cities to Host the English Football Team - Statistics

General Stats
  • This quiz has been taken 61 times
    20 since last reset
  • The average score is 88 of 192
Answer Stats
Country Year City % Correct
England 1873 London
100%
England 1885 Manchester
100%
England 1883 Liverpool
94%
England 1893 Birmingham
88%
England 1901 Newcastle upon Tyne
88%
Spain 1980 Barcelona
81%
Germany 1930 Berlin
81%
Spain 1927 Madrid
81%
Germany 1978 Munich
81%
England 1891 Sunderland
81%
Greece 1971 Athens
75%
Wales 1896 Cardiff
75%
Scotland 1872 Glasgow
75%
Turkey 1984 Istanbul
75%
Ukraine 2012 Kyiv
75%
England 1995 Leeds
75%
Portugal 1947 Lisbon
75%
Norway 1937 Oslo
75%
France 1923 Paris
75%
Czech Republic 1908 Prague
75%
Brazil 1950 Rio de Janeiro
75%
Brazil 1964 São Paulo
75%
England 1883 Sheffield
75%
Bulgaria 1974 Sofia
75%
Sweden 1923 Stockholm
75%
Austria 1908 Vienna
75%
Netherlands 1935 Amsterdam
69%
Switzerland 1933 Bern
69%
Belgium 1921 Brussels
69%
Hungary 1908 Budapest
69%
Argentina 1953 Buenos Aires
69%
Denmark 1948 Copenhagen
69%
Germany 2017 Dortmund
69%
Peru 1959 Lima
69%
United States 1959 Los Angeles
69%
Italy 1939 Milan
69%
Uruguay 1953 Montevideo
69%
Russia 1958 Moscow
69%
England 1897 Nottingham
69%
Italy 1933 Rome
69%
Netherlands 1993 Rotterdam
69%
Russia 2018 Saint Petersburg
69%
Chile 1953 Santiago
69%
Italy 1948 Turin
69%
Poland 1999 Warsaw
69%
Croatia 2006 Zagreb
69%
China PR 1996 Beijing
63%
Northern Ireland 1882 Belfast
63%
United States 1993 Boston
63%
England 1899 Bristol
63%
Romania 1939 Bucharest
63%
Egypt 1986 Cairo
63%
South Africa 2010 Cape Town
63%
Germany 2006 Cologne
63%
England 1895 Derby
63%
Republic of Ireland 1900 Dublin
63%
Switzerland 2005 Geneva
63%
Finland 1937 Helsinki
63%
England 2003 Leicester
63%
Luxembourg 1960 Luxembourg City
63%
Sweden 1992 Malmö
63%
Australia 1983 Melbourne
63%
Mexico 1959 Mexico
63%
United States 2014 Miami
63%
England 1905 Middlesbrough
63%
France 1997 Nantes
63%
Italy 1980 Naples
63%
United States 1953 New York City
63%
Portugal 1955 Porto
63%
Wales 1925 Swansea
63%
Australia 1980 Sydney
63%
Tunisia 1990 Tunis
63%
England 1891 Wolverhampton
63%
Switzerland 1938 Zürich
63%
Belgium 1923 Antwerp
56%
New Zealand 1991 Auckland
56%
Serbia 1939 Belgrade
56%
Colombia 1970 Bogotá
56%
Slovakia 1963 Bratislava
56%
Netherlands 2000 Eindhoven
56%
Germany 1988 Frankfurt
56%
France 1998 Marseille
56%
Belarus 2008 Minsk
56%
France 2016 Nice
56%
Iceland 1982 Reykjavik
56%
Spain 2009 Seville
56%
England 1901 Southampton
56%
Germany 1988 Stuttgart
56%
Estonia 2007 Tallinn
56%
Liechtenstein 2003 Vaduz
56%
United States 1993 Washington, D.C.
56%
Azerbaijan 2006 Baku
50%
Spain 1982 Bilbao
50%
England 1881 Blackburn
50%
Australia 1983 Brisbane
50%
United States 2005 Chicago
50%
Qatar 2009 Doha
50%
Ukraine 2012 Donetsk
50%
Italy 1952 Florence
50%
Malaysia 1991 Kuala Lumpur
50%
Germany 1963 Leipzig
50%
Slovenia 2015 Ljubljana
50%
England 1903 Portsmouth
50%
Ecuador 1970 Quito
50%
Saudi Arabia 1988 Riyadh
50%
North Macedonia 2003 Skopje
50%
Georgia 1986 Tbilisi
50%
Lithuania 2015 Vilnius
50%
New Zealand 1991 Wellington
50%
Switzerland 1954 Basel
44%
England 1932 Blackpool
44%
South Africa 2003 Durban
44%
Germany 1987 Düsseldorf
44%
Sweden 1958 Gothenburg
44%
Germany 1965 Nuremberg
44%
Japan 2002 Osaka
44%
Kosovo 2019 Pristina
44%
Albania 1989 Tirana
44%
Wales 1880 Wrexham
44%
Andorra 2021 Andorra la Vella
38%
Morocco 1998 Casablanca
38%
Mexico 1970 Guadalajara
38%
Germany 1968 Hanover
38%
England 2003 Ipswich
38%
Kazakhstan 2009 Almaty
31%
Italy 1990 Bari
31%
Italy 1990 Bologna
31%
United States 1993 Detroit
31%
Portugal 2004 Faro
31%
Germany 2006 Gelsenkirchen
31%
Brazil 2014 Manaus
31%
Mexico 1986 Monterrey
31%
United States 1976 Philadelphia
31%
Trinidad and Tobago 2008 Port of Spain
31%
Greece 1982 Thessaloniki
31%
France 1998 Toulouse
31%
South Africa 2010 Bloemfontein
25%
England 1927 Burnley
25%
Italy 1990 Cagliari
25%
Moldova 1996 Chişinău
25%
South Africa 2010 Gqeberha
25%
England 1946 Huddersfield
25%
Japan 2002 Kobe
25%
Switzerland 1988 Lausanne
25%
Cyprus 1975 Limassol
25%
Montenegro 2011 Podgorica
25%
Poland 1991 Poznań
25%
England 1889 Stoke-on-Trent
25%
England 1922 West Bromwich
25%
Qatar 2022 Al Khor
19%
Qatar 2022 Al Rayyan
19%
Portugal 2004 Coimbra
19%
Austria 2010 Graz
19%
Turkey 1987 İzmir
19%
France 1998 Lens
19%
France 1997 Montpellier
19%
Croatia 2018 Rijeka
19%
Japan 2002 Sapporo
19%
Poland 2023 Wrocław
19%
Brazil 1950 Belo Horizonte
13%
Belgium 2000 Charleroi
13%
Ukraine 2009 Dnipro
13%
Luxembourg 1927 Esch-sur-Alzette
13%
Russia 2018 Kaliningrad
13%
Russia 2018 Nizhny Novgorod
13%
France 1998 Saint-Étienne
13%
Russia 2018 Samara
13%
Russia 2018 Volgograd
13%
Spain 2015 Alicante
6%
Malta 2000 Attard
6%
Canada 1986 Burnaby
6%
United States 2005 East Rutherford
6%
Japan 2002 Fukuroi
6%
Portugal 2019 Guimarães
6%
Malta 1971 Gżira
6%
Israel 1986 Ramat Gan
6%
Chile 1962 Rancagua
6%
South Africa 2010 Rustenburg
6%
San Marino 2013 Serravalle
6%
Sweden 1979 Solna
6%
Slovakia 2016 Trnava
6%
Chile 1962 Viña del Mar
6%
Sweden 1958 Borås
0%
Poland 1966 Chorzów
0%
England 1888 Crewe
0%
Mexico 1970 León
0%
Belgium 2020 Leuven
0%
Japan 2002 Niigata
0%
Portugal 1961 Oeiras
0%
Japan 2002 Saitama
0%
Spain 1992 Santander
0%
Korea Republic 2002 Seogwipo
0%
No matching quizzes found
Score Distribution
Percent of People with Each Score
Percentile by Number Answered
Your Score History
You have not taken this quiz since the last reset